01465nam a2200241Ia 4500001001100000003001000011008004100021040002500062041001300087100003400100245008300134250001100217260006200228300002700290500027000317501011400587520027000701650003400971942000701005957000601012999004301018952016201061L240-12598IT-CnALBA170116s9999||||xx |||||||||||||| ||und|| aIT-CnALBAcIT-CnALBA aITALIANO aNEUBERT P. ENRICO, MARIANISTA 0aIL MIO IDEALE: GESÙ, FIGLIO DI MARIA. SECONDO LA DOTTRINA DI G. CHAMINADE.  a5a ed. aROMAbAVE, ANONIMA VERITA'S EDITRICEc1935 [1° Ed.:1935] a164 p. (prefazione: 5) aTRADUZIONE DAL FRANCESE. GESÙ IDEALE. ESEMPIO. FIGLIO DI MARIA. MADRE DI GESÙ E DEGLI UOMINI. AMORE A GESÙ E A MARIA. OBBEDIENZA ONORE CONFIDENZA. COMUNIONE. ASCOLTO DI MARIA. A GESÙ PER MARIA. MISSIONE. CARITÀ. PREGHIERA APOSTOLICA. SOFFERENZA. TESTIMONI aSocietà San Paolo EM - Piazza San Paolo, 14 - 12051 ALBA (CN) (non commercial uses only) ® Copyright 2017 aTRADUZIONE DAL FRANCESE. GESÙ IDEALE. ESEMPIO. FIGLIO DI MARIA. MADRE DI GESÙ E DEGLI UOMINI. AMORE A GESÙ E A MARIA. OBBEDIENZA ONORE CONFIDENZA. COMUNIONE. ASCOLTO DI MARIA. A GESÙ PER MARIA. MISSIONE. CARITÀ. PREGHIERA APOSTOLICA. SOFFERENZA. TESTIMONI aTEOLOGIA SPIRITUALE CRISTIANA cBK 71 a17351bSI g Copie: 1 c271774d271774 0010406L_2401259871aALBAbALBAd2017-01-16l0oL240-12598r2017-01-16 00:00:00w2017-01-16yBKz(data import: 16 gennaio 2017) - By Epidotti, Vaglietti.